000 00564nam a2200181 i 4500
001 bg
100 1 _aKWIATKOWSKI, Janusz.
245 0 0 _aPomoce do projektowania urządzeń ogrzewczych.
_nCz.1.
_nT.1,
_pInstalacje centralnego ogrzewania i ich wyposażenie /
_cJanusz Kwiatkowski, Lucjan Cholewa.
260 _aLublin,
_c1978.
650 9 _aOgrzewanie centralne
_xprojekty
655 _aPodręczniki akademickie
700 1 _aCHOLEWA, Lucjan.
040 _cBPK
041 _apol
080 _a697(075.8)
942 _cKS
008 s pl f |000 0 pol
999 _c118
_d118
856 _uhttp://koha.tu.koszalin.pl/cgi-bin/koha/opac-detail.pl?biblionumber=118
_yKatalog online BPK